| 000 | 00865cab a22001935a 4500 | ||
|---|---|---|---|
| 001 | L144453 | ||
| 008 | 080721s2008 xxkad f s 000 0 eng d | ||
| 035 | _a(Sirsi) u144453 | ||
| 041 | 0 | _aeng | |
| 110 | 2 |
_aAsiaProperty _95571 |
|
| 245 | 0 | 0 | _aGaming industry plays a major part in Macau's rapid growth to become the most lucrative city in the world |
| 260 | _c2008 | ||
| 490 | 0 |
_aAsia Property _vMay 2008, 8-9(2) |
|
| 520 | _aExplains that in only seven years, Macau has become one of the world's most opulent economies. Revenue is greater than Las Vegas, and foreign investors are pouring in. Provides brief summary of Macau's history. Covers: economic growth and development; the growing office sector; wage growth and property prices. | ||
| 590 | _aKA | ||
| 651 | 4 | _aChina | |
| 690 | _aPROPERTY-COMMERCIAL PROPERTY-COMMERCIAL PROPERTY MARKET | ||
| 942 | _n0 | ||
| 999 |
_c80471 _d80471 |
||